00320nam a2200121Ia 4500008004100000041000800041082001600049100001700065245007300082260000900155365001700164700001700181230718s9999 xx 000 0 und d aeng a003.54bGLA aGlavieux A. aChannel Coding In Communication Networks bFrom Theory To Turbocodes bIste cRs.b1495.00 aGlavieux A.